000 00842nam a2200229Ii 4500
003 JO-AjNU
008 230605s9999||||xx |||||||||||||| ||und||
017 _a2010/1/211
020 _a978-9957-06-691-8
040 _aJO-AjNU
_bara
_erda
_cJO-AjNU
041 _aara
050 1 4 _aDS37.7.N3344 2015
100 3 _aتأليف نجم، زين العابدين شمس الدين,
_eauthor
_960240
245 0 0 _aتاريخ العرب الحديث والمعاصر
250 _aالطبعة الثانية
264 3 1 _aعمان: دار المسيرة للنشر والتوزيع، 2015
300 _a464ص
_b ويحتوي على قائمة مراجع من ص459ص- 464ص
336 _atext
_btxt
_2rdacontent
337 _aunmediated
_bn
_2rdamedia
338 _avolume
_bnc
_2rdacarrier
650 4 _aعالم عربي - تاريخ
_960241
999 _aA27153
_c30721
_d30721